| 000 | 00394nam a2200169Ia 4500 | ||
|---|---|---|---|
| 008 | 170705s9999 xx 000 0 und d | ||
| 020 | _a9780545390712 | ||
| 245 | 4 | _aThe junkyard wonders / | |
| 245 | _cPatricia Polacco. | ||
| 260 | _aNew York : | ||
| 260 | _bScholastic, | ||
| 260 | _c2010 | ||
| 300 | _aunpaged : | ||
| 300 | _bcolor illustration ; | ||
| 300 | _c28cm. | ||
| 500 | _a660 | ||
| 999 |
_c336930 _d336930 |
||